| 000 | 01430nam a22003017a 4500 | ||
|---|---|---|---|
| 005 | 20080918163843.0 | ||
| 008 | 080918t xxu||||| |||| 00| 0 hin d | ||
| 010 | _aHIN-92756 | ||
| 020 |
_c650.00 _a9788184841015 |
||
| 035 | _aHN-65102 | ||
| 037 | _bDBAD / PUB | ||
| 040 |
_aDPL _bHN |
||
| 082 | _a362.1969792 | ||
| 100 |
_9747 _aजैन, कामिनी |
||
| 245 |
_aएड्स जागरूकता / _cकामिनी जैन |
||
| 260 |
_aनई दिल्ली _bरीगल पब्लिकेशन्स _c2011 |
||
| 270 |
_aएफ-159, राजौरी गार्डन _bनई दिल्ली _e110027 _mregalbookspub@yahoo.com _k45546396 |
||
| 300 |
_axiv,160पृ. _c22सेमी (सजिल्द) _bसचित्र |
||
| 650 | _9697 | ||
| 650 | _9698 | ||
| 700 | _927881 | ||
| 700 | _927882 | ||
| 700 | _927883 | ||
| 942 |
_2ddc _cHN _mजैनका _h362.1969792 |
||
| 999 |
_c52564 _d52564 |
||